La Buena Letra (Record no. 175032)

MARC details
000 -LEADER
campo de control de longitud fija 00478nam a2200145 i 4500
001 - NÚMERO DE CONTROL
campo de control 175032
003 - IDENTIFICADOR DE NÚMERO DE CONTROL
campo de control ES-MaACL
005 - FECHA Y HORA DE LA ÚLTIMA TRANSACCIÓN
campo de control 20230906215728.0
008 - DATOS DE LONGITUD FIJA--INFORMACIÓN GENERAL
campo de control de longitud fija 101001s2010 sp |||| | spa d
245 03 - MENCIÓN DEL TÍTULO
Título La Buena Letra
Resto del título : nuestros sueños : abril 2010.
260 ## - PUBLICACIÓN, DISTRIBUCIÓN, ETC.
Lugar de publicación, distribución, etc. Fuenlabrada (Madrid) :
Nombre del editor, distribuidor, etc. Asociación de Escritores de Fuenlabrada,
Fecha de publicación, distribución, etc. 2010.
300 ## - DESCRIPCIÓN FÍSICA
Extensión 43 p. :
Otras características físicas il. ;
Dimensiones 21 cm.
710 2# - ENTRADA AGREGADA--NOMBRE DE ENTIDAD CORPORATIVA
Nombre de entidad corporativa o nombre de jurisdicción como elemento de entrada Asociación de Escritores de Fuenlabrada.
9 (RLIN) 143383
852 ## - LOCALIZACIÓN
Ubicación ES-MaACL
Número de control de estantería 2257-F-14
Holdings
Estatus retirado Estado de pérdida Estado de daño No para préstamo Colección Biblioteca de origen Biblioteca actual Ubicación en estantería Fecha de adquisición Fuente de adquisición Total de préstamos Signatura topográfica completa Código de barras Visto por última vez Precio de reemplazo Tipo de ítem Koha
        Colección de folletos Biblioteca del Ateneo de Madrid Biblioteca del Ateneo de Madrid Depósito folletos 01/10/2010     2257-F-14 1183789 23/02/2023 23/02/2023 Folleto